000 01064nam a2200289 a 4500
001 000038273
003 DO-SdBNP
005 20251022101015.0
008 130408s1982 dr 000 0 spa d
040 _aDO-SdBNP
_bspa
_cBNPHU
082 4 _a336
_bG333m
_222
100 1 _aGómez Sabaini, J.,
_qJuan
_964641
245 1 0 _aManual de finanzas públicas y política tributaria /
_cJ. Gómez Sabaini y H. González Cano.
260 _aSanto Domingo :
_bINCAT,
_c1982.
300 _a179 p. ;
_c20 cm.
490 1 _aManuales de finanzas públicas
_v15
500 _aMaterial de apoyo para los programas desarrollados por el Instituto de Capacitación Tributaria
590 _aInventariado, 2018/LP
650 0 _aFinanzas públicas
_932168
650 0 _aPolítica fiscal
_98379
650 0 _aImpuestos
_98380
700 1 2 _aGonzález Cano, H.
_964642
710 2 _aInstituto de Capacitación Tributaria (República Dominicana)
_973226
830 0 _aManuales de finanzas públicas ;
_n15
_964644
910 _aValidado. Control de calidad MFF
942 _2ddc
_cLBS1
999 _c37763
_d37763